El impuesto a los reditos (Registro nro. 6476)
[ vista simple ]
| 000 -LEADER | |
|---|---|
| fixed length control field | 02349 a2200205 4500 |
| 001 - CONTROL NUMBER | |
| control field | 58611 |
| 005 - DATE AND TIME OF LATEST TRANSACTION | |
| control field | 20260407155842.0 |
| 008 - FIXED-LENGTH DATA ELEMENTS--GENERAL INFORMATION | |
| fixed length control field | 260407a1953 arg spa d |
| 003 - CONTROL NUMBER IDENTIFIER | |
| control field | AR-UNSa-BCEJYS |
| 040 ## - CATALOGING SOURCE | |
| Original cataloging agency | AR-UNSa-BCEJYS |
| Language of cataloging | spa |
| Transcribing agency | AR-UNSa-BCEJYS |
| 080 ## - UNIVERSAL DECIMAL CLASSIFICATION NUMBER | |
| Universal Decimal Classification number | 336.22 |
| Common auxiliary subdivision | Impuestos |
| 100 1# - MAIN ENTRY--PERSONAL NAME | |
| Personal name | López, Alberto T. |
| 245 10 - TITLE STATEMENT | |
| Title | El impuesto a los reditos |
| 250 ## - EDITION STATEMENT | |
| Edition statement | 5a.ed. |
| 264 #1 - PRODUCTION, PUBLICATION, DISTRIBUTION, MANUFACTURE, AND COPYRIGHT NOTICE | |
| Place of production, publication, distribution, manufacture | Buenos Aires : |
| Name of producer, publisher, distributor, manufacturer | Ediciones Contabilidad Moderna |
| Date of production, publication, distribution, manufacture, or copyright notice | 1953 |
| 300 ## - PHYSICAL DESCRIPTION | |
| Extent | 2v.(530; 520 p.) |
| Dimensions | 23 cm. |
| 505 ## - FORMATTED CONTENTS NOTE | |
| Formatted contents note | Vol. I: Primera parte: Sujeto y objeto del impuesto: 1. Concepto del rédito – 2. Renta mínima no imponible y cargas de familia – 3. Compensación de quebrantos y año fiscal – 4. La fuente del rédito – 5. Sujetos y responsables del impuesto – 6. Exenciones – 7. Absentismo – Segunda parte: Réditos de la primera categoría-Rentas del suelo: 8. Réditos imputables a la primera categoría – 9. Deducciones especiales de la primera categoría – Tercera parte: Réditos de la segunda categoría. Renta de valores mobiliarios: 10. Réditos de la segunda categoría – 11. Réditos imputables a la segunda categoría (continuación) – 12. Sistema de retenciones para rentas de valores al portador – Cuarta parte: Réditos de la tercera categoría. Renta del comercio y de la industria: 13. La determinación del rédito en la tercera categoría – 14. La determinación del rédito en la tercera categoría (continuación) – 15. Las deducciones admitidas en la tercera categoría - VoL. II: 16. Las amortizaciones – 17. Fondos de reposición y amortizaciones extraordinarias con fines de reposición – 18. Rebajas de impuesto por incremento de la capacidad productiva – 19. Disposiciones especiales y tratamientos dispensados a ciertas explotaciones – 20. Sociedades de capital – 21. Disposiciones varias referentes a la tercera categoría – Quinta parte: Réditos de la cuarta categoría. Renta del trabajo personal: 22. La determinación del rédito en la cuarta categoría – 23. La retenciones del impuesto en la cuarta categoría – Sexta parte: Disposiciones generales varias: 24. Las deducciones no admitidas y otras disposiciones – 25. Los procedimientos de retención y de información – 26. Declaraciones juradas y tasas del impuesto <br/> |
| 590 ## - LOCAL NOTE (RLIN) | |
| Local note | niveau_biblio:m niveau_hierar:0 |
| 942 ## - ADDED ENTRY ELEMENTS (KOHA) | |
| Koha item type | |
| Withdrawn status | Lost status | Damaged status | Not for loan | Home library | Current library | Shelving location | Date acquired | Total checkouts | Full call number | Barcode | Date last seen | Price effective from | Koha item type |
|---|---|---|---|---|---|---|---|---|---|---|---|---|---|
| Biblioteca Prof. Eusebio Cleto del Rey | Biblioteca Prof. Eusebio Cleto del Rey | 07/04/2026 | 336.22 L864 v.1 5ed. | L20118 | 07/04/2026 | 07/04/2026 | Libro | ||||||
| Biblioteca Prof. Eusebio Cleto del Rey | Biblioteca Prof. Eusebio Cleto del Rey | 07/04/2026 | 336.22 L864 v.2 5ed. | L20119 | 07/04/2026 | 07/04/2026 | Libro |